000 004500000a22001810004500
003 MACL
005 20160101144022.0
008 160101b xxu||||| |||| 00| 0 eng d
040 _aMACL
_cMACL
041 _aEnglish
082 _a491.1/DAN
100 _aDandekar, R N
_98298
245 _aProgress of Indic Studies 1917-1942
260 _bSilver Jublee
_c1942
_aPoona
350 _a10
650 _aLinguistcs
_926334
942 _cBK
_k491.1/Dan
_2ddc
999 _c34571
_d34571